| 000 | 00612nam a22001932 4500 | ||
|---|---|---|---|
| 001 | 0000012592 | ||
| 003 | OSt | ||
| 005 | 20140825164445.0 | ||
| 008 | 080611s1962 tnuc 000 0 eng d | ||
| 040 |
_aPUL _cPUL |
||
| 050 |
_aBX8333.A3 _bB5 1962 |
||
| 100 | 1 | _aAdams, James Clyde. | |
| 245 | 1 | 4 |
_aThe Bishop of Heard County preaches / _c[by] J. C. Adams. With an introd. by Arthur J. Moore. |
| 260 |
_aNashville : _bPrinted for the author by the Methodist Pub. House, _c1962] |
||
| 300 |
_a160 p. : _billus., ports ; _c21 cm. |
||
| 650 | 0 |
_aMethodist Church _xSermons. |
|
| 908 | _a080611 | ||
| 942 |
_2lcc _cBK |
||
| 999 |
_c12046 _d12046 |
||